Гражданский процесс (Запись № 9898582)

Подробности
000 -МАРКЕР
контрольное поле 02487nam0a2200409 4500
001 - ИДЕНТИФИКАТОР ЗАПИСИ
контрольное поле RU\NLR\BIBL_A\010739980
005 - ИДЕНТИФИКАТОР ВЕРСИИ
контрольное поле 20260406161723.0
010 ## - МЕЖДУНАРОДНЫЙ СТАНДАРТНЫЙ НОМЕР КНИГИ (ISBN)
Номер (ISBN) 978-5-8354-0950-1
Тираж 1000
021 ## - НОМЕР ГОСУДАРСТВЕННОЙ РЕГИСТРАЦИИ
Код страны российская федерация
Номер 13-77293
035 ## - ДРУГИЕ СИСТЕМНЫЕ НОМЕРА
Идентификатор записи (NILC)RuMoRGB-006669212
035 ## - ДРУГИЕ СИСТЕМНЫЕ НОМЕРА
Идентификатор записи (NLR Aleph) 010739980
100 ## - ДАННЫЕ ОБЩЕЙ ОБРАБОТКИ
Данные общей обработки 20150424d2015 |||y0rusy50 ca
101 0# - ЯЗЫК РЕСУРСА
Язык текста, звукозаписи и т.д. русский
102 ## - СТРАНА ПУБЛИКАЦИИ ИЛИ ПРОИЗВОДСТВА
Страна публикации российская федерация
105 ## - ПОЛЕ КОДИРОВАННЫХ ДАННЫХ: ТЕКСТОВЫЕ МАТЕРИАЛЫ, МОНОГРАФИЧЕСКИЕ
Кодированные данные о монографическом текстовом документе y|||j|||001yy
200 1# - ЗАГЛАВИЕ И СВЕДЕНИЯ ОБ ОТВЕТСТВЕННОСТИ
Основное заглавие Гражданский процесс
Сведения, относящиеся к заглавию учебник для вузов
-- для студентов высших учебных заведений, обучающихся по направлению "Юриспруденция" и специальности "Юриспруденция"
Первые сведения об ответственности [Аргунов В.В., к.ю.н., доц., Борисова Е.А., д.ю.н., проф., Бочарова Н.С., к.ю.н., доц. и др.]
Последующие сведения об ответственности под ред. засл. деят. науки РФ, д.ю.н., проф. М.К. Треушникова
-- Моск. гос. ун-т им. М.В. Ломоносова, Юрид. фак., Каф. гражд. процесса
205 ## - СВЕДЕНИЯ ОБ ИЗДАНИИ
Сведения об издании [5-е изд., перераб. и доп.]
210 ## - ПУБЛИКАЦИЯ, РАСПРОСТРАНЕНИЕ И ДР.
Место издания, распространения и т.д. Москва
Имя издателя, распространителя и т. д. Статут
Дата издания, распространения и т.д. 2015
-- (макет 2014)
215 ## - ФИЗИЧЕСКАЯ ХАРАКТЕРИСТИКА
Специфическое обозначение материала и объем 959 с.
Размеры 22
300 ## - ОБЩИЕ ПРИМЕЧАНИЯ
Текст примечания Авт. указаны на обороте тит. л.
320 ## - ПРИМЕЧАНИЯ О НАЛИЧИИ В ДОКУМЕНТЕ БИБЛИОГРАФИИ / УКАЗАТЕЛЯ
Текст примечания Библиогр. в подстроч. примеч.
606 1# - НАИМЕНОВАНИЕ ТЕМЫ КАК ПРЕДМЕТ
Наименование темы Гражданский процесс
Формальный подзаголовок Учебники для высших учебных заведений
Географический подзаголовок Российская Федерация
Системный номер авторитетной/нормативной записи 2079368
Идентификатор авторитетной/нормативной записи RU\NLR\AUTH\661255247
675 ## - УНИВЕРСАЛЬНАЯ ДЕСЯТИЧНАЯ КЛАССИФИКАЦИЯ (UDC/УДК)
Индекс 347.91/.95(075.8)
686 1# - ИНДЕКСЫ ДРУГИХ КЛАССИФИКАЦИЙ
Индекс Х629.2я73
701 #1 - ИМЯ ЛИЦА - АЛЬТЕРНАТИВНАЯ ОТВЕТСТВЕННОСТЬ
Начальный элемент ввода Аргунов
Часть имени, кроме начального элемента ввода В. В.
Расширение инициалов личного имени Всеволод Владимирович
701 #1 - ИМЯ ЛИЦА - АЛЬТЕРНАТИВНАЯ ОТВЕТСТВЕННОСТЬ
Код отношения Автор
Материалы, к которым относится поле rus
Графика поля Кириллица
Начальный элемент ввода Борисова
Часть имени, кроме начального элемента ввода Е. А.
Дополнения к именам, кроме дат д-р юрид. наук
Даты 1966-
Расширение инициалов личного имени Елена Александровна
Идентификатор авторитетной/нормативной записи RU\NLR\AUTH\774421
Системный номер авторитетной/нормативной записи 114402
701 #1 - ИМЯ ЛИЦА - АЛЬТЕРНАТИВНАЯ ОТВЕТСТВЕННОСТЬ
Начальный элемент ввода Бочарова
Часть имени, кроме начального элемента ввода Н.С.
Расширение инициалов личного имени Наталия Сергеевна
702 #1 - ИМЯ ЛИЦА - ВТОРИЧНАЯ ОТВЕТСТВЕННОСТЬ
Код отношения Редактор
Материалы, к которым относится поле rus
Графика поля Кириллица
Начальный элемент ввода Треушников
Даты 1938-2021
Часть имени, кроме начального элемента ввода М. К.
Расширение инициалов личного имени Михаил Константинович
Идентификатор авторитетной/нормативной записи RU\NLR\AUTH\777483
Системный номер авторитетной/нормативной записи 117417
712 02 - НАИМЕНОВАНИЕ ОРГАНИЗАЦИИ - ВТОРИЧНАЯ ОТВЕТСТВЕННОСТЬ
Код отношения Прочие
Начальный элемент ввода МГУ им. М. В. Ломоносова
Структурное подразделение Кафедра гражданского процесса
Идентификатор авторитетной/нормативной записи RU\NLR\AUTH\889933092
Системный номер авторитетной/нормативной записи 361375
801 #0 - ИСТОЧНИК ЗАПИСИ
Страна российская федерация
Организация RuMoRKP
Дата составления 20101220
Правила каталогизации RCR
801 #2 - ИСТОЧНИК ЗАПИСИ
Страна российская федерация
Организация РГБ
Дата составления 20150318
Правила каталогизации rcr
942 ## - ДОПОЛНИТЕЛЬНЫЕ ЭЛЕМЕНТЫ ЗАПИСИ (АБИС)
Тип экземпляра АБИС Книга
980 ## - КОЛЛЕКЦИЯ
Название коллекции НБР
980 ## - КОЛЛЕКЦИЯ
Название коллекции Национальная библиография
Экземпляры
Тип экземпляра Дата поступления Источник поступления Библиотека постоянного хранения Библиотека текущего хранения Место хранения Шифр хранения Штрих-код Статус не для выдачи Публичное примечание Стоимость
Книга 24.04.2015 Обязательный экземпляр РНБ (Московский) РНБ (Московский) Русский книжный фонд: издания с 1957 года, 9этаж 2015-5/3414 1-949884   Y  
Книга 24.04.2015 Обязательный экземпляр РНБ (Московский) РНБ (Московский) Русский книжный фонд: издания с 1957 года, 9этаж 2015-5/3414 1-949883   Y  
Книга 30.04.2015 Покупка РНБ (Московский) РНБ (Московский) Фонд общего зала социально-экономической литературы C1 Х629.2я7/Г-756-Т 1-1131414     1440.00
Книга 30.04.2015 Покупка РНБ (Фонтанка) РНБ (Фонтанка) Юношеский читальный зал Ю Х62/Г-75 1-1131413     1440.00